[Event "Sao Paulo Xeque U12"]
[Site "Sao Paulo"]
[Date "2025.04.06"]
[Round "4"]
[White "Isobe, Lucas Kenzo"]
[Black "Corsini, Gabriel Da Costa"]
[Result "1/2-1/2"]
[WhiteElo "1685"]
[BlackElo "1485"]
[PlyCount "94"]
[EventDate "2025.04.05"]
[EventType "swiss"]
[EventRounds "5"]
[EventCountry "BRA"]
[SourceTitle "CB15_2025"]
[SourceDate "2025.04.09"]
[SourceVersion "1"]
[SourceVersionDate "2025.04.09"]
[SourceQuality "1"]

1. e4 e5 2. Nf3 Nc6 3. Bb5 a6 4. Ba4 Nf6 5. 0-0 Be7 6. Re1 b5 7. Bb3 d6 8. h3 Na5 9. c3 Nxb3 10. Qxb3 0-0 11. d4 Bb7 12. d5 c6 13. c4 Qc8 14. cxb5 cxb5 15. Nc3 Qc4 16. Qxc4 bxc4 17. Bg5 h6 18. Be3 Bd8 19. Rac1 Ba5 20. Nd2 Rab8 21. Nxc4 Bxc3 22. bxc3 Nxe4 23. Nb6 Nf6 24. c4 Rfd8 25. f3 Nd7 26. a4 Nxb6 27. Bxb6 Rdc8 28. a5 Kf8 29. Kf2 Ke7 30. g4 f6 31. Ke3 Kf7 32. Ke4 Kg6 33. f4 exf4 34. Kxf4 Re8 35. Rxe8 Rxe8 36. Bc7 Rc8 37. Bxd6 Bxd5 38. c5 Bc6 39. h4 h5 40. g5 fxg5+ 41. hxg5 h4 42. Re1 Re8 43. Rxe8 Bxe8 44. Kg4 h3 45. Bf4 Bd7+ 46. Kg3 Kf5 47. Bd2 Ke5 1/2-1/2

[Event "Sao Paulo Xeque U12"]
[Site "Sao Paulo"]
[Date "2025.04.05"]
[Round "1"]
[White "Corsini, Gabriel Da Costa"]
[Black "Slaughter, Luke Christian Cogg"]
[Result "1-0"]
[WhiteElo "1485"]
[BlackElo "1702"]
[PlyCount "105"]
[EventDate "2025.04.05"]
[EventType "swiss"]
[EventRounds "5"]
[EventCountry "BRA"]
[SourceTitle "CB15_2025"]
[SourceDate "2025.04.09"]
[SourceVersion "1"]
[SourceVersionDate "2025.04.09"]
[SourceQuality "1"]

1. e4 Nf6 2. Nc3 Nc6 3. Nf3 e5 4. Bb5 d6 5. d4 a6 6. Bxc6+ bxc6 7. dxe5 Ng4 8. exd6 cxd6 9. h3 Nf6 10. e5 dxe5 11. Qxd8+ Kxd8 12. Nxe5 Ke7 13. Nxc6+ Ke6 14. 0-0 a5 15. Re1+ Kd6 16. Ne5 Be6 17. Bf4 Ke7 18. Bg5 a4 19. Rad1 Ke8 20. Bxf6 gxf6 21. Ng4 a3 22. Nxf6+ Ke7 23. Nfd5+ Kd6 24. Nb6+ Ke7 25. Ncd5+ Ke8 26. Nxa8 axb2 27. Ndc7+ Ke7 28. Nxe6 fxe6 29. Rb1 Bg7 30. Nc7 Rb8 31. Nxe6 Bc3 32. Re3 Bd2 33. Re2 Bc1 34. Ng5+ Kd7 35. Nxh7 Ra8 36. Re1 Rxa2 37. Rexc1 Kc7 38. Re1 Kc6 39. c3 Kc5 40. Re2 Ra1 41. Rexb2 Ra7 42. Rb7 Ra3 43. g4 Ra8 44. g5 Rh8 45. g6 Rg8 46. g7 Kc4 47. Nf6 Rxg7+ 48. Rxg7 Kxc3 49. Rd7 Kc4 50. Rc1+ Kb5 51. Rb7+ Ka6 52. Rb2 Ka5 53. Ra1# 1-0

[Event "Sao Paulo Carnaval op"]
[Site "Sao Paulo"]
[Date "2025.03.02"]
[Round "3"]
[White "De Paula, Luan Araujo"]
[Black "Corsini, Gabriel Da Costa"]
[Result "1-0"]
[WhiteElo "1942"]
[BlackElo "1807"]
[PlyCount "49"]
[EventDate "2025.03.01"]
[EventType "swiss (rapid)"]
[EventRounds "6"]
[EventCountry "BRA"]
[SourceTitle "CB10_2025"]
[SourceDate "2025.03.05"]
[SourceVersion "1"]
[SourceVersionDate "2025.03.05"]
[SourceQuality "1"]

1. d4 Nf6 2. c4 e6 3. Nf3 d5 4. Nc3 Nc6 5. Bg5 Be7 6. e3 0-0 7. Bd3 Ne4 8. Bxe4 dxe4 9. Nxe4 Bxg5 10. Nexg5 Qe7 11. 0-0 e5 12. dxe5 Nxe5 13. Nxe5 Qxe5 14. Qd5 Qxb2 15. Qe4 g6 16. Qh4 Qg7 17. Rad1 h6 18. Nf3 g5 19. Qe4 Qb2 20. Rd2 Qb4 21. Rb1 Qc5 22. Rd5 Qc6 23. Rbd1 Be6 24. Nxg5 f5 25. Qxe6+ 1-0